| 000 | 00643nam 22002173 4500 | ||
|---|---|---|---|
| 001 | 200869 | ||
| 010 | _a972-8284-07-1 | ||
| 021 |
_aPT _b104076/96 |
||
| 090 | _a200869 | ||
| 100 | _a20260302d u||y0pory50 ba | ||
| 200 |
_aO síndroma de Babel e outras estórias _fVictor Mesquita...[et. al.] |
||
| 205 | _a1ª | ||
| 210 |
_aAmadora _cCâmara Municipal da Amadora. Recreios Desportivos da Amadora _d1996 |
||
| 215 |
_a[54] p. _cil. ; brochado _d30 cm |
||
| 606 |
_91586 _aDesenho Artístico |
||
| 610 | _aBanda Desenhada | ||
| 675 |
_a74 _vPT _zpor |
||
| 700 |
_916570 _aMesquita _bVictor |
||
| 801 |
_aPT _bBMMN _gRPC |
||
| 830 | _cIsabel | ||
| 990 | _cLIVROS | ||